000 00555nam a2200193 a 4500
005 20140412111241.0
008 001110s19uu xx 00 eng d
020 _a0-15-330003-5
050 _aM 428.6
_bC898 1989
100 _aCullinan, Bernice E.
245 _aMortimer frog /
_cBernice E. Cullinan; et. al.
260 _aOrlando :
_bHarcourt Brace Jovanovich,
_c1989.
300 _a72 p.
440 _aHBJ Reading program, Level 2
650 _aReading--Study and teaching
650 _aChildren literature
999 _c102700
_d102700